[Event "Int. Stuttgarter Stadtmeisterschaft B"]
[Site "Ditzingen"]
[Date "2013.05.10"]
[Round "3.18"]
[White "Shahisavandi, Abdollah"]
[Black "Hartmann, Anatoli"]
[Result "1-0"]
[WhiteElo "1833"]
[BlackElo "1684"]
[PlyCount "39"]
[EventDate "2013.??.??"]
[WhiteTeam "Karlsruher SF 1853"]
[BlackTeam "SC Gross-Sachsenheim"]

1. e4 e5 2. Nf3 Nc6 3. Bb5 Nd4 4. Nxd4 exd4 5. O-O c6 6. Bc4 b5 7. Bb3 a5 8. c3
a4 9. Bc2 dxc3 10. bxc3 g6 11. f4 Bg7 12. d4 Ne7 13. f5 Ng8 14. Qf3 f6 15. fxg6
hxg6 16. e5 Qe7 17. Bxg6+ Kd8 18. Ba3 Qe6 19. Bd6 fxe5 20. Qf8+ 1-0

[Event "Int. Stuttgarter Stadtmeisterschaft B"]
[Site "Ditzingen"]
[Date "2013.05.10"]
[Round "3.19"]
[White "Petitto, Francesco"]
[Black "Michna, Marcus"]
[Result "0-1"]
[WhiteElo "1663"]
[BlackElo "1789"]
[PlyCount "116"]
[EventDate "2013.??.??"]
[WhiteTeam "SK Sontheim/Brenz e.V."]
[BlackTeam "TSF Ditzingen"]

1. d4 Nf6 2. Nf3 e6 3. e3 d5 4. Bd3 b6 5. Nbd2 Bb7 6. O-O Bd6 7. Re1 O-O 8. e4
dxe4 9. Nxe4 Nxe4 10. Bxe4 Bxe4 11. Rxe4 Nd7 12. Qd3 Be7 13. c4 Nc5 14. Qe2
Nxe4 15. Qxe4 Re8 16. Bd2 Bf6 17. Bc3 c5 18. Rd1 Qe7 19. dxc5 Bxc3 20. cxb6
axb6 21. bxc3 Red8 22. Re1 Ra5 23. h4 Qc5 24. Nd4 Rxa2 25. Qb1 Rda8 26. Rd1 g6
27. Nc2 R2a7 28. Ne3 Qa5 29. Qd3 Qc5 30. Ng4 Kg7 31. Re1 Ra1 32. Rxa1 Rxa1+ 33.
Kh2 Qc7+ 34. g3 Qc5 35. Qf3 Qf5 36. Qe2 h5 37. Ne3 Qb1 38. Qf3 Qg1+ 39. Kh3
Qh1+ 40. Qxh1 Rxh1+ 41. Kg2 Rc1 42. Kf3 Rxc3 43. Ke4 Kf6 44. Kd4 Rc1 45. Kd3
Ke5 46. Nc2 Rxc2 47. Kxc2 Kd4 48. Kb3 e5 49. Kb4 f6 50. Kb5 e4 51. Kxb6 Kxc4
52. Kc6 Kd4 53. Kd6 e3 54. fxe3+ Kxe3 55. Ke6 Kf3 56. Kxf6 Kxg3 57. Kg5 Kf3 58.
Kxg6 Kg4 0-1

[Event "Int. Stuttgarter Stadtmeisterschaft B"]
[Site "Ditzingen"]
[Date "2013.05.10"]
[Round "3.20"]
[White "Awiszus, Thomas"]
[Black "Hornung, Richard"]
[Result "1-0"]
[WhiteElo "1613"]
[BlackElo "1767"]
[PlyCount "49"]
[EventDate "2013.??.??"]
[WhiteTeam "SK Schmiden/Cannstatt"]
[BlackTeam "SG Schwabing München Nord e.V."]

1. d4 Nf6 2. c4 c6 3. g3 d5 4. Bg2 g6 5. Nf3 Bg7 6. O-O O-O 7. Nc3 dxc4 8. Ne5
Ne8 9. e3 Nd6 10. Qe2 Be6 11. Rd1 Qc7 12. Na4 f6 13. Nc5 Bf7 14. Nxf7 Kxf7 15.
e4 b6 16. Na4 Nd7 17. Bf4 b5 18. e5 fxe5 19. dxe5 bxa4 20. exd6 exd6 21. Qxc4+
Ke7 22. Qxc6 Qa5 23. Qe4+ Kd8 24. Qxa8+ Ke7 25. Qe4+ 1-0

[Event "Int. Stuttgarter Stadtmeisterschaft B"]
[Site "Ditzingen"]
[Date "2013.05.10"]
[Round "3.21"]
[White "Wenzel, Ulrich"]
[Black "Vasiliadis, Paraskevas"]
[Result "0-1"]
[WhiteElo "1767"]
[BlackElo "1656"]
[PlyCount "132"]
[EventDate "2013.??.??"]
[WhiteTeam "TSF Ditzingen"]
[BlackTeam "SF Oeffingen e.V."]

1. Nf3 d5 2. d4 e6 3. c4 Nf6 4. g3 c6 5. Bg2 Nbd7 6. Qc2 Bd6 7. O-O O-O 8. Rd1
Re8 9. b3 e5 10. dxe5 Nxe5 11. cxd5 cxd5 12. Bb2 Nxf3+ 13. Bxf3 Be6 14. Nc3 Rc8
15. Qd2 Bb4 16. Qd4 Bc5 17. Qd3 Qb6 18. e3 Rcd8 19. Na4 Qd6 20. Nxc5 Qxc5 21.
Bxf6 gxf6 22. Qd4 Qxd4 23. exd4 Rc8 24. Rac1 Kf8 25. Bg2 Ke7 26. f4 Kd6 27. Kf2
Bg4 28. Bf3 Bxf3 29. Kxf3 Rxc1 30. Rxc1 Re4 31. Rc8 Rxd4 32. Ke3 Rd1 33. Rh8
Ra1 34. Rxh7 Ke6 35. h4 Rxa2 36. Kd4 Rc2 37. f5+ Kxf5 38. Rxf7 Rg2 39. Rxb7
Rxg3 40. Rxa7 Rxb3 41. Kxd5 Rh3 42. Rh7 Kg4 43. Rg7+ Kf5 44. Rh7 Rd3+ 45. Kc4
Rd8 46. h5 Kg5 47. Rf7 Rh8 48. Kd3 Rxh5 49. Ke2 Rh3 50. Kf2 f5 51. Ra7 Kg4 52.
Rg7+ Kf4 53. Kg2 Ra3 54. Rf7 Ra2+ 55. Kf1 Kg4 56. Rb7 f4 57. Rb8 Kf3 58. Kg1
Ra1+ 59. Kh2 Kf2 60. Rf8 f3 61. Rf7 Ra6 62. Kh3 Rg6 63. Rf8 Ke1 64. Re8+ Kf1
65. Rf8 f2 66. Rf7 Kg1 0-1

[Event "Int. Stuttgarter Stadtmeisterschaft B"]
[Site "Ditzingen"]
[Date "2013.05.10"]
[Round "3.22"]
[White "Zeh, Dominik"]
[Black "Pillath, Marcus"]
[Result "1-0"]
[WhiteElo "1763"]
[BlackElo "1654"]
[PlyCount "61"]
[EventDate "2013.??.??"]
[WhiteTeam "Stuttgarter SF 1879"]
[BlackTeam "SGem Vaihingen-Rohr"]

1. d4 Nf6 2. c4 g6 3. Nc3 Bg7 4. e4 d6 5. Nf3 O-O 6. Be2 Re8 7. O-O c5 8. d5 a6
9. Qc2 Bd7 10. Bd2 Qc7 11. a3 e6 12. Rac1 exd5 13. exd5 Bf5 14. Bd3 Bxd3 15.
Qxd3 Nbd7 16. h3 Ne5 17. Nxe5 Rxe5 18. Bf4 Re7 19. b4 cxb4 20. axb4 Rc8 21. c5
Ne8 22. Ne4 Qd7 23. cxd6 Rxc1 24. Rxc1 Rxe4 25. Qxe4 Nxd6 26. Bxd6 Qxd6 27.
Rc8+ Bf8 28. Qc4 Qe7 29. Qc5 Qe1+ 30. Kh2 Qe5+ 31. g3 1-0

[Event "Int. Stuttgarter Stadtmeisterschaft B"]
[Site "Ditzingen"]
[Date "2013.05.10"]
[Round "3.23"]
[White "Winkler, Alex"]
[Black "Notz, Lukas"]
[Result "0-1"]
[WhiteElo "1590"]
[BlackElo "1757"]
[PlyCount "30"]
[EventDate "2013.??.??"]
[WhiteTeam "SF Deizisau"]
[BlackTeam "SV Dettingen Erms"]

1. e4 c6 2. d4 d5 3. exd5 cxd5 4. Nf3 Bg4 5. Nc3 Nc6 6. Bb5 e6 7. O-O Bd6 8.
Qd3 a6 9. Bxc6+ bxc6 10. Re1 h6 11. h3 Bxf3 12. Qxf3 Nf6 13. Bd2 Qb6 14. b3
Qxd4 15. Ne2 Qxd2 0-1

[Event "Int. Stuttgarter Stadtmeisterschaft B"]
[Site "Ditzingen"]
[Date "2013.05.10"]
[Round "3.24"]
[White "Hamm, Julian"]
[Black "Gottwald, Helmut"]
[Result "1-0"]
[WhiteElo "1750"]
[BlackElo "1582"]
[PlyCount "53"]
[EventDate "2013.??.??"]
[WhiteTeam "Mönchfelder SV 1967"]
[BlackTeam "SV Dicker Turm Esslingen"]

1. c4 Nf6 2. Nc3 e6 3. g3 d5 4. cxd5 exd5 5. Bg2 c6 6. d3 Be6 7. Nf3 h6 8. O-O
Bd6 9. Bd2 Qd7 10. Qc1 Bh3 11. Re1 Bxg2 12. Kxg2 Qc7 13. e4 dxe4 14. dxe4 Nh7
15. e5 Be7 16. Ne4 O-O 17. Bxh6 gxh6 18. Qxh6 Qd8 19. Rad1 Nd7 20. e6 fxe6 21.
Qxe6+ Rf7 22. Rxd7 Qf8 23. Ne5 Re8 24. Rxb7 Qg7 25. Nxf7 Qxf7 26. Qxf7+ Kxf7
27. Nd6+ 1-0

[Event "Int. Stuttgarter Stadtmeisterschaft B"]
[Site "Ditzingen"]
[Date "2013.05.10"]
[Round "3.25"]
[White "Erfle, Christian"]
[Black "Steinmassl, Guido"]
[Result "1-0"]
[WhiteElo "1724"]
[BlackElo "1599"]
[PlyCount "47"]
[EventDate "2013.??.??"]
[WhiteTeam "SC Tamm 74"]
[BlackTeam "SK e4 Gerlingen"]

1. d4 e6 2. Nf3 Nf6 3. g3 b6 4. Bg2 Bb7 5. O-O Nc6 6. c4 d5 7. cxd5 exd5 8. Nc3
Qd7 9. Bf4 Ne4 10. Rc1 Nxc3 11. Rxc3 Bd6 12. Qa4 Rd8 13. Rfc1 Bxf4 14. gxf4 O-O
15. Rxc6 Bxc6 16. Qxc6 Qg4 17. e3 Rfe8 18. Ne5 Qe2 19. Bxd5 Re7 20. b4 Rf8 21.
Qc4 Qh5 22. Qb3 Rd8 23. Bxf7+ Rxf7 24. Qxf7+ 1-0

[Event "Int. Stuttgarter Stadtmeisterschaft B"]
[Site "Ditzingen"]
[Date "2013.05.10"]
[Round "3.26"]
[White "Zeitler, Waldemar"]
[Black "Schmitz, Harald"]
[Result "1-0"]
[WhiteElo "1523"]
[BlackElo "1717"]
[PlyCount "143"]
[EventDate "2013.??.??"]
[WhiteTeam "SC Gross-Sachsenheim"]
[BlackTeam "SG Fasanenhof"]

1. d4 Nf6 2. Nc3 d5 3. e3 Nc6 4. Bd3 e5 5. Bb5 e4 6. Nge2 a6 7. Bxc6+ bxc6 8.
h3 Bd6 9. O-O O-O 10. a3 a5 11. b3 Bf5 12. a4 Qd7 13. Ba3 Bxa3 14. Rxa3 h6 15.
Nf4 Qd6 16. Ra1 g5 17. Nh5 Nh7 18. g4 Bg6 19. f4 Bxh5 20. gxh5 f5 21. Kh1 Kh8
22. Rg1 Rg8 23. Qd2 gxf4 24. exf4 Rxg1+ 25. Rxg1 Rg8 26. Ne2 Nf6 27. Rxg8+ Kxg8
28. Ng3 Qe6 29. Qe3 Qd7 30. Kh2 Ne8 31. Ne2 Nd6 32. Qd2 Nb7 33. Ng3 Qe6 34. Nf1
Qe7 35. Qg2+ Qg7 36. Ne3 Nd6 37. c4 dxc4 38. bxc4 Qxg2+ 39. Kxg2 Kf7 40. c5 Ne8
41. Nxf5 Nf6 42. Ng3 Ke6 43. Kf2 Kd5 44. Ke3 Kc4 45. Nxe4 Nd5+ 46. Kf3 Kxd4 47.
Ng3 Ne7 48. f5 Ke5 49. Kg4 Nd5 50. Nf1 Nf6+ 51. Kh4 Ne4 52. Ne3 Kf4 53. Nc4
Nxc5 54. f6 Ne6 55. f7 Kf5 56. Nxa5 Kf6 57. f8=Q+ Nxf8 58. Nxc6 Nd7 59. a5 Kf5
60. Kg3 Kg5 61. a6 Kxh5 62. Ne5 Nb6 63. Nc6 Kg5 64. Ne5 c5 65. a7 Na4 66. Nc4
h5 67. Nd6 Kg6 68. h4 Nb6 69. Kf4 Nd5+ 70. Ke5 Nc7 71. Nb5 Na8 72. Kd5 1-0

[Event "Int. Stuttgarter Stadtmeisterschaft B"]
[Site "Ditzingen"]
[Date "2013.05.10"]
[Round "3.27"]
[White "Weis, Olga"]
[Black "Sampalla, Simon"]
[Result "1/2-1/2"]
[WhiteElo "1676"]
[BlackElo "1473"]
[PlyCount "78"]
[EventDate "2013.??.??"]
[WhiteTeam "OSG Baden-Baden"]
[BlackTeam "SC Gross-Sachsenheim"]

1. e4 e6 2. d4 d5 3. Nd2 c5 4. c3 Nc6 5. Ngf3 cxd4 6. cxd4 Bb4 7. e5 Nge7 8.
Bd3 Qb6 9. a3 Bxd2+ 10. Qxd2 Bd7 11. Bc2 Rc8 12. b4 a6 13. Bb2 a5 14. Bc3 Qc7
15. Rc1 Nxe5 16. Nxe5 Qxc3 17. Qxc3 Rxc3 18. Nxd7 Kxd7 19. Ba4+ Rc6 20. Bxc6+
Nxc6 21. bxa5 Nxa5 22. O-O Rc8 23. Rxc8 Kxc8 24. Rc1+ Nc4 25. Rc3 b6 26. Kf1
Kd7 27. Ke2 Kd6 28. Rh3 h6 29. Rg3 g6 30. Rb3 h5 31. f4 Ke7 32. g3 Kf6 33. h3
g5 34. fxg5+ Kxg5 35. a4 Kf5 36. Rf3+ Kg6 37. Rb3 f6 38. Kd3 Kf5 39. Rb1 Kg5
1/2-1/2

[Event "Int. Stuttgarter Stadtmeisterschaft B"]
[Site "Ditzingen"]
[Date "2013.05.10"]
[Round "3.28"]
[White "Grözinger, Werner"]
[Black "Vogel, Karlheinz"]
[Result "0-1"]
[WhiteElo "1298"]
[BlackElo "1706"]
[PlyCount "102"]
[EventDate "2013.??.??"]
[WhiteTeam "SV Stuttgart-Wolfbusch 1956 e.V."]
[BlackTeam "TSV Untergruppenb."]

1. c4 c6 2. Nf3 d5 3. e3 Bg4 4. cxd5 cxd5 5. Be2 Nc6 6. Qa4 Bxf3 7. Bxf3 Nf6 8.
d4 e6 9. O-O Bd6 10. Nc3 a6 11. a3 O-O 12. g3 b5 13. Qd1 Rc8 14. Bd2 Na5 15.
Be2 Nc4 16. Bxc4 Rxc4 17. b4 Qb6 18. Qb3 Qc7 19. Rfc1 Ng4 20. f4 f5 21. h3 Nf6
22. Kg2 Nh5 23. Qd1 Qf7 24. Qf3 Qg6 25. Rg1 Rfc8 26. Rac1 Nf6 27. Qd1 Qe8 28.
Kf3 a5 29. Nb1 axb4 30. Rxc4 bxc4 31. Bxb4 Qh5+ 32. Kg2 Qxd1 33. Rxd1 Bxb4 34.
axb4 Rb8 35. b5 Rxb5 36. Nc3 Rb2+ 37. Kf3 Rc2 38. Na4 Ne4 39. Rf1 Nd2+ 40. Ke2
Nxf1+ 41. Kxf1 Ra2 42. Nc5 Kf7 43. g4 g6 44. gxf5 gxf5 45. Nd7 Rh2 46. Ne5+ Ke7
47. Nf3 Rxh3 48. Ng5 Rxe3 49. Kf2 Re4 50. Nxh7 Rxf4+ 51. Ke3 Rh4 0-1

[Event "Int. Stuttgarter Stadtmeisterschaft B"]
[Site "Ditzingen"]
[Date "2013.05.10"]
[Round "3.29"]
[White "Klemens, Peter"]
[Black "Mejerski, Stephan"]
[Result "1-0"]
[WhiteElo "1811"]
[BlackElo "1664"]
[PlyCount "62"]
[EventDate "2013.??.??"]
[WhiteTeam "Karlsruher SF 1853"]
[BlackTeam "SK Schmiden/Cannstatt"]

1. d4 f5 2. Bf4 Nf6 3. e3 e6 4. Nf3 d5 5. c3 Bd6 6. g3 O-O 7. Be2 c6 8. Nbd2
Bc7 9. O-O Bd7 10. Qb3 Qc8 11. Rac1 Be8 12. Ne5 Nbd7 13. Nxd7 Nxd7 14. c4 Bf7
15. cxd5 exd5 16. Bf3 Nf6 17. Be2 Rb8 18. Qc2 Bg6 19. Bd3 Ne4 20. Nf3 Nxg3 21.
hxg3 Qe6 22. b4 Rbc8 23. a3 Bd6 24. Qb3 b5 25. Rc3 h6 26. Rfc1 Bb8 27. Qc2 Rf6
28. Bxb5 Bh5 29. Be2 g5 30. b5 Bg6 31. Bd3 Bh5 1-0

[Event "Int. Stuttgarter Stadtmeisterschaft B"]
[Site "Ditzingen"]
[Date "2013.05.10"]
[Round "3.30"]
[White "Bausch, Raimund"]
[Black "Zimmermann, Tobias"]
[Result "1/2-1/2"]
[WhiteElo "1630"]
[BlackElo "1734"]
[PlyCount "120"]
[EventDate "2013.??.??"]
[WhiteTeam "Stuttgarter SF 1879"]
[BlackTeam "SC Schachmatt Botnang"]

1. c4 c5 2. Nc3 b6 3. Nf3 Bb7 4. e3 Nf6 5. d4 e6 6. d5 exd5 7. cxd5 d6 8. e4
Nbd7 9. Bc4 Be7 10. O-O O-O 11. a4 Re8 12. Bg5 a6 13. Nd2 h6 14. Bh4 Ne5 15.
Be2 Nxd5 16. Nxd5 Bxh4 17. f4 Bxd5 18. fxe5 Be6 19. Nf3 dxe5 20. Qxd8 Bxd8 21.
Nxe5 Bf6 22. Nc4 Bd4+ 23. Kh1 Rab8 24. Rad1 Red8 25. b3 b5 26. Nd2 Be3 27. Nf3
Bxb3 28. Rxd8+ Rxd8 29. axb5 axb5 30. Bxb5 Rd1 31. Ne5 Rxf1+ 32. Bxf1 f6 33.
Nc4 Bd4 34. Bd3 Kf7 35. g3 Ke6 36. Kg2 g6 37. Nd2 Ba4 38. Kf3 Bd1+ 39. Kg2 Ba4
40. Kf3 Bc6 41. Ke2 g5 42. Nc4 Be8 43. h3 h5 44. Kf3 Bg6 45. Nd2 Bc3 46. Nc4 f5
47. exf5+ Bxf5 48. Bxf5+ Kxf5 49. Nd6+ Kg6 50. Ke4 Kf6 51. g4 hxg4 52. hxg4 Ke6
53. Nc4 Bb4 54. Ne3 Bd2 55. Nc4 Bc1 56. Nb6 Kd6 57. Nc4+ Kc6 58. Ne5+ Kb5 59.
Kd5 Be3 60. Nc4 Bf4 1/2-1/2

[Event "Int. Stuttgarter Stadtmeisterschaft B"]
[Site "Ditzingen"]
[Date "2013.05.10"]
[Round "3.31"]
[White "Strauss, Martin"]
[Black "Helmbrecht, Kurt"]
[Result "0-1"]
[WhiteElo "1792"]
[BlackElo "1657"]
[PlyCount "84"]
[EventDate "2013.??.??"]
[WhiteTeam "SC Sillenbuch"]
[BlackTeam "SV Fellbach"]

1. e4 e6 2. d4 d5 3. Nc3 c5 4. exd5 exd5 5. Bb5+ Nc6 6. Nf3 Nf6 7. Ne5 Qb6 8.
Qe2 Be6 9. Bg5 O-O-O 10. Nxc6 bxc6 11. Ba6+ Kb8 12. dxc5 Bxc5 13. O-O Bd6 14.
b4 Qc7 15. h3 h6 16. Bd2 Rhe8 17. Qf3 d4 18. Na4 Bd5 19. Qd1 Re4 20. Nc5 Rh4
21. f4 Bxf4 22. Bxf4 Rxf4 23. Bd3 Rxf1+ 24. Qxf1 Qg3 25. Re1 Bxg2 26. Na6+ Ka8
27. Qxg2 Qxe1+ 28. Kh2 Qe5+ 29. Kh1 Kb7 30. Qxg7 Qd5+ 31. Qg2 Rg8 32. Nc5+ Kb6
33. Be4 Nxe4 34. Qxg8 Ng3+ 35. Kg1 Qh1+ 36. Kf2 Qf1+ 37. Kxg3 Qg1+ 38. Kf4 Qxg8
39. Nd7+ Kc7 40. Nc5 Qg5+ 41. Ke4 Qe3+ 42. Kf5 Qxh3+ 0-1

[Event "Int. Stuttgarter Stadtmeisterschaft B"]
[Site "Ditzingen"]
[Date "2013.05.10"]
[Round "3.32"]
[White "Nagel, Armin"]
[Black "Kobald, Matthias"]
[Result "0-1"]
[WhiteElo "1600"]
[BlackElo "1774"]
[PlyCount "102"]
[EventDate "2013.??.??"]
[WhiteTeam "SC BW Kirchentellinsfurt"]
[BlackTeam "SV Stuttgart-Wolfbusch 1956 e.V."]

1. d4 Nf6 2. Nc3 d5 3. Bg5 e6 4. e3 c5 5. Nf3 h6 6. Bh4 Be7 7. dxc5 Bxc5 8.
Bb5+ Bd7 9. Qe2 a6 10. Bxd7+ Nbxd7 11. O-O O-O 12. Rad1 Qc7 13. Bg3 Qc6 14. Ne5
Nxe5 15. Bxe5 Nd7 16. Bd4 Bd6 17. e4 dxe4 18. Nxe4 Be5 19. Bxe5 Nxe5 20. Rd6
Qc7 21. Rfd1 Rfd8 22. Rxd8+ Rxd8 23. Rxd8+ Qxd8 24. Kf1 Qd4 25. c3 Qd5 26. b3
Kf8 27. f3 b5 28. Kf2 Nd3+ 29. Ke3 Nc5 30. Nxc5 Qxc5+ 31. Kd3 Qd6+ 32. Kc2 Qxh2
33. Qd2 Ke7 34. Qf2 Qc7 35. Qd4 f6 36. Qg4 Kf7 37. Qh5+ Kf8 38. Qg6 Qe5 39. Qd3
Qf5 40. Qxf5 exf5 41. Kd3 Ke7 42. Kd4 Kd6 43. c4 b4 44. c5+ Kc6 45. f4 h5 46.
g3 a5 47. Kc4 g5 48. Kd4 gxf4 49. gxf4 h4 50. Ke3 Kxc5 51. Kf3 Kd4 0-1

[Event "Int. Stuttgarter Stadtmeisterschaft B"]
[Site "Ditzingen"]
[Date "2013.05.10"]
[Round "3.33"]
[White "Lehnhardt, Julian"]
[Black "Zaytsev, Evgeny"]
[Result "1/2-1/2"]
[WhiteElo "1425"]
[BlackElo "1733"]
[PlyCount "43"]
[EventDate "2013.??.??"]
[WhiteTeam "SV Weil der Stadt"]
[BlackTeam "Stuttgarter SF 1879"]

1. e4 c6 2. d4 d5 3. Nc3 dxe4 4. Nxe4 Bf5 5. Ng3 Bg6 6. Nf3 Nf6 7. Bd3 Bxd3 8.
Qxd3 e6 9. Bg5 Be7 10. O-O Nbd7 11. c4 h6 12. Bf4 Qa5 13. Rad1 Rd8 14. a3 g5
15. b4 Qa6 16. Bc7 Rc8 17. Be5 Nxe5 18. dxe5 Rd8 19. Qc3 Nd7 20. Ne4 O-O 21.
Nf6+ Bxf6 22. exf6 1/2-1/2

[Event "Int. Stuttgarter Stadtmeisterschaft B"]
[Site "Ditzingen"]
[Date "2013.05.10"]
[Round "3.34"]
[White "Tönjes, Jürgen"]
[Black "Wübbens, Carsten"]
[Result "1/2-1/2"]
[WhiteElo "1689"]
[BlackElo "1516"]
[PlyCount "101"]
[EventDate "2013.??.??"]
[WhiteTeam "SF Lilienthal von 1971"]
[BlackTeam "SF Freiberg"]

1. d4 Nf6 2. c4 e6 3. a3 b6 4. Nc3 Be7 5. Nf3 O-O 6. Bg5 Bb7 7. e3 d5 8. cxd5
exd5 9. Bd3 Nbd7 10. O-O Ne4 11. Bxe7 Qxe7 12. Rc1 Ndf6 13. Qe2 Rfc8 14. Ba6
Bxa6 15. Qxa6 c6 16. Qe2 Rc7 17. Rc2 Nxc3 18. Rxc3 Rac8 19. Rfc1 Ne4 20. R3c2
f6 21. Nd2 c5 22. Nxe4 dxe4 23. Qc4+ Qf7 24. b4 Qxc4 25. Rxc4 Kf7 26. Kf1 f5
27. Ke2 Ke6 28. dxc5 Kd5 29. Rd4+ Ke5 30. Kd2 bxc5 31. bxc5 Rxc5 32. Rxc5+ Rxc5
33. Rd7 Rd5+ 34. Rxd5+ Kxd5 35. Kc3 Kc5 36. f3 h6 37. h4 exf3 38. gxf3 g5 39.
hxg5 hxg5 40. Kd3 g4 41. fxg4 fxg4 42. Ke4 Kc4 43. Kf4 Kd3 44. e4 g3 45. Kxg3
Kxe4 46. Kf2 Kd3 47. Ke1 Kc2 48. a4 a5 49. Ke2 Kb3 50. Kd1 Kxa4 51. Kc1 1/2-1/2

[Event "Int. Stuttgarter Stadtmeisterschaft B"]
[Site "Ditzingen"]
[Date "2013.05.10"]
[Round "3.35"]
[White "Mihalache, Victor"]
[Black "Rasch, Wolfgang"]
[Result "1/2-1/2"]
[WhiteElo "1334"]
[BlackElo "1688"]
[PlyCount "37"]
[EventDate "2013.??.??"]
[WhiteTeam "SF 59 Kornwestheim"]

1. e4 e6 2. d4 d5 3. Nc3 Nc6 4. e5 Be7 5. Nf3 Bd7 6. Bf4 g5 7. Be3 g4 8. Nd2 f5
9. Nb3 Bg5 10. Qd2 Bxe3 11. Qxe3 Qe7 12. O-O-O O-O-O 13. Bb5 a6 14. Be2 Qf8 15.
Nc5 Nge7 16. Qg3 Rg8 17. h3 Qh6+ 18. Kb1 gxh3 19. Rxh3 1/2-1/2

[Event "Int. Stuttgarter Stadtmeisterschaft B"]
[Site "Ditzingen"]
[Date "2013.05.10"]
[Round "3.36"]
[White "Weisensel, Wolfgang"]
[Black "Kappus, Holger"]
[Result "0-1"]
[WhiteElo "1685"]
[BlackElo "1459"]
[PlyCount "56"]
[EventDate "2013.??.??"]
[WhiteTeam "Stuttgarter SF 1879"]
[BlackTeam "SC Pforzheim 1906"]

1. Nf3 e6 2. b3 Nf6 3. Bb2 b6 4. e3 Bb7 5. Be2 d6 6. d4 Nbd7 7. Nbd2 Be7 8. O-O
h6 9. c4 g5 10. h3 Rg8 11. Qc2 c5 12. Rfe1 Qc7 13. e4 Nh5 14. Bf1 g4 15. hxg4
Rxg4 16. d5 e5 17. Nh2 Rg6 18. Qd1 Ndf6 19. Qf3 Bc8 20. Kh1 Bd7 21. g3 O-O-O
22. Bd3 Rdg8 23. Rg1 Qd8 24. Rae1 Qf8 25. Bc1 Qg7 26. Nb1 Ng4 27. Nc3 Rf6 28.
Qg2 Nxf2+ 0-1

[Event "Int. Stuttgarter Stadtmeisterschaft B"]
[Site "Ditzingen"]
[Date "2013.05.10"]
[Round "3.37"]
[White "Haro, Niel"]
[Black "Degenhard, Simon"]
[Result "0-1"]
[WhiteElo "1576"]
[BlackElo "1711"]
[PlyCount "86"]
[EventDate "2013.??.??"]
[WhiteTeam "Stuttgarter SF 1879"]
[BlackTeam "SF HN-Biberach 1978 e.V."]

1. d4 d5 2. c4 e6 3. Nc3 c5 4. e3 Nf6 5. Nf3 a6 6. Bd3 Nc6 7. a3 dxc4 8. Bxc4
b5 9. Ba2 Bb7 10. O-O Be7 11. Qe2 Qb6 12. d5 exd5 13. Bxd5 b4 14. axb4 cxb4 15.
Na4 Qc7 16. Bc4 Na5 17. b3 Nxc4 18. bxc4 Ng4 19. e4 a5 20. Bd2 O-O 21. Rfe1
Rfe8 22. g3 Bf6 23. Bf4 Qc6 24. Nd2 Bxa1 25. Rxa1 Nf6 26. f3 Nd7 27. Be3 Qe6
28. Kg2 f5 29. Nc5 Nxc5 30. Bxc5 fxe4 31. f4 e3+ 32. Nf3 Bxf3+ 33. Qxf3 e2 34.
Bf2 Qe4 35. c5 Qxf3+ 36. Kxf3 a4 37. Be3 b3 38. Kxe2 Rxe3+ 39. Kxe3 b2 40. Rb1
a3 41. Kd3 a2 42. Kc2 a1=Q 43. c6 Rc8 0-1

[Event "Int. Stuttgarter Stadtmeisterschaft B"]
[Site "Ditzingen"]
[Date "2013.05.10"]
[Round "3.38"]
[White "Gheng, Christian"]
[Black "Schreiber, Winfried"]
[Result "1-0"]
[WhiteElo "1696"]
[BlackElo "1573"]
[PlyCount "79"]
[EventDate "2013.??.??"]
[WhiteTeam "TSV Schönaich"]

1. e4 c5 2. Nf3 e6 3. d4 cxd4 4. Nxd4 Nc6 5. Nb5 d6 6. Bd3 a6 7. N5c3 Nf6 8.
Bg5 Be7 9. Nd2 O-O 10. f4 b5 11. Qf3 e5 12. h4 Nb4 13. Bxf6 Bxf6 14. O-O-O exf4
15. e5 Bg4 16. Qxg4 Nxd3+ 17. cxd3 Bxe5 18. d4 Bxd4 19. Qxf4 Be5 20. Qf3 Rc8
21. a3 Qa5 22. Nb3 Rxc3+ 23. Qxc3 Qa4 24. Qc2 Qg4 25. Kb1 Rc8 26. Qd2 Qe4+ 27.
Qd3 Qxg2 28. Nd2 Qg4 29. Rhg1 Qa4 30. Qe4 Bd4 31. Rge1 g6 32. Nf3 Bg7 33. Qxa4
bxa4 34. Rxd6 Rb8 35. Re2 h6 36. Rxa6 Rb3 37. Re8+ Kh7 38. Ne5 Rh3 39. Rxa4
Rh1+ 40. Ka2 1-0

[Event "Int. Stuttgarter Stadtmeisterschaft B"]
[Site "Ditzingen"]
[Date "2013.05.10"]
[Round "3.40"]
[White "Matic, Marijo"]
[Black "Gheng, Dominik"]
[Result "1-0"]
[WhiteElo "1565"]
[BlackElo "1635"]
[PlyCount "79"]
[EventDate "2013.??.??"]
[WhiteTeam "Stuttgarter SF 1879"]
[BlackTeam "TSV Schönaich"]

1. e4 c5 2. Nf3 d6 3. d4 cxd4 4. Nxd4 Nf6 5. Nc3 g6 6. Be2 Bg7 7. Be3 O-O 8.
O-O Nc6 9. Nxc6 bxc6 10. f4 Nd7 11. Na4 Nb6 12. c3 Bb7 13. Nxb6 axb6 14. Bf3 b5
15. Qc2 c5 16. a3 Qc7 17. Rad1 Ba6 18. Rf2 Bb7 19. Re2 Rfc8 20. Rdd2 Rf8 21.
Re1 f5 22. Rf2 Ra4 23. exf5 Bxf3 24. Rxf3 Rxf5 25. Qb3+ c4 26. Qd1 Ra8 27. g4
Rc5 28. Kg2 Rc6 29. Qd5+ Kh8 30. Bd4 Rg8 31. Re6 Bxd4 32. Qxd4+ Rg7 33. Rfe3
Kg8 34. Qd5 Rc5 35. Qa8+ Kf7 36. Qh8 Qb7+ 37. Kg1 Rc7 38. f5 Qa7 39. Rf6+ exf6
40. Qe8# 1-0

[Event "Int. Stuttgarter Stadtmeisterschaft B"]
[Site "Ditzingen"]
[Date "2013.05.10"]
[Round "3.41"]
[White "Steinhart, Matthias"]
[Black "Lisin, Wladimir"]
[Result "1/2-1/2"]
[WhiteElo "1783"]
[BlackElo "1487"]
[PlyCount "115"]
[EventDate "2013.??.??"]
[WhiteTeam "SF Freiberg"]
[BlackTeam "SGem Vaihingen-Rohr"]

1. e4 a6 2. d4 b5 3. Bd3 Bb7 4. Nf3 e6 5. O-O Nf6 6. Qe2 h6 7. c3 c5 8. Rd1 Be7
9. a4 bxa4 10. Rxa4 O-O 11. e5 Nh7 12. Bc2 Bc6 13. Ra1 Ng5 14. Nxg5 Bxg5 15. f4
Be7 16. Qd3 g6 17. f5 exf5 18. d5 c4 19. Qf3 Bc5+ 20. Kh1 Bb7 21. Bxh6 Re8 22.
Qg3 Bf8 23. Bg5 Be7 24. Bxe7 Qxe7 25. Bxf5 Qxe5 26. Qxe5 Rxe5 27. Bg4 Bxd5 28.
Nd2 f5 29. Bf3 Bxf3 30. Nxf3 Rb5 31. Rd2 Ra7 32. Re1 Nc6 33. Ree2 a5 34. Nd4
Nxd4 35. Rxd4 d5 36. Kg1 a4 37. Red2 Rd7 38. Kf2 Rbb7 39. Kf3 Kg7 40. Kf4 Kf6
41. h4 Ra7 42. Re2 a3 43. bxa3 Rxa3 44. Re3 Ra5 45. Re8 Ra6 46. Rf8+ Ke7 47.
Rg8 Kf7 48. Rh8 Rdd6 49. Rh7+ Kf6 50. Rd1 Ra3 51. Rc1 Re6 52. Rd7 Re4+ 53. Kf3
Ke6 54. Rg7 Kf6 55. Rd7 Ra6 56. Rc7 Rxh4 57. Rc5 Rd6 58. Re1 1/2-1/2

[Event "Int. Stuttgarter Stadtmeisterschaft B"]
[Site "Ditzingen"]
[Date "2013.05.10"]
[Round "3.42"]
[White "Raabe, Stephan"]
[Black "Zeldin, Boris"]
[Result "0-1"]
[WhiteElo "1330"]
[BlackElo "1633"]
[PlyCount "62"]
[EventDate "2013.??.??"]
[WhiteTeam "DJK Stuttgart-Süd"]
[BlackTeam "SV Rottweil"]

1. e4 e5 2. Nf3 Nc6 3. Bb5 a6 4. Ba4 b5 5. Bb3 Bb7 6. d3 Be7 7. c3 Nf6 8. O-O
O-O 9. h3 h6 10. Re1 Nh7 11. Nbd2 Kh8 12. Nf1 Bc5 13. Be3 Qe7 14. Bxc5 Qxc5 15.
Ng3 Ne7 16. Bc2 Qd6 17. d4 exd4 18. Nxd4 c5 19. Ndf5 Nxf5 20. Qxd6 Nxd6 21.
Rad1 Nc4 22. Rxd7 Bc6 23. Rc7 Rac8 24. Rxc8 Rxc8 25. b3 Na3 26. Bd1 g6 27. f4
Rd8 28. Bf3 Kg7 29. Kf2 b4 30. c4 Nf8 31. Ke3 Nc2+ 0-1

[Event "Int. Stuttgarter Stadtmeisterschaft B"]
[Site "Ditzingen"]
[Date "2013.05.10"]
[Round "4.1"]
[White "Paschmann, Stefan"]
[Black "Viehoff, Jürgen"]
[Result "1-0"]
[WhiteElo "1886"]
[BlackElo "1848"]
[PlyCount "95"]
[EventDate "2013.??.??"]
[WhiteTeam "Krefelder Schachklub Turm 1851 e"]
[BlackTeam "SC Stetten a.d.F."]

1. d4 Nf6 2. Nf3 e6 3. Bg5 Be7 4. e3 O-O 5. Bd3 b6 6. Nbd2 Bb7 7. O-O d6 8. Qe2
Nbd7 9. h3 e5 10. dxe5 dxe5 11. Ba6 Bxa6 12. Qxa6 h6 13. Bxf6 Bxf6 14. Ne4 Qe7
15. Qc4 Rac8 16. Rfd1 Rfd8 17. Rd2 Nc5 18. Rxd8+ Rxd8 19. Nxc5 Qxc5 20. Qxc5
bxc5 21. e4 Kf8 22. Kf1 Ke7 23. Ke2 Ke6 24. Rd1 Rb8 25. Rb1 Rd8 26. c3 Be7 27.
Nd2 h5 28. Nc4 f5 29. exf5+ Kxf5 30. Ne3+ Ke6 31. Rd1 Rd6 32. Rxd6+ cxd6 33. c4
a5 34. Kf3 g5 35. a4 Bf6 36. Ke4 Bd8 37. b3 Be7 38. Nd5 Bd8 39. g3 h4 40. g4
Bf6 41. Nc7+ Kd7 42. Kf5 Bg7 43. Nd5 e4 44. Kxg5 Bd4 45. Ne3 d5 46. Nxd5 Bxf2
47. Kf4 e3 48. Nxe3 1-0